zpět

Detail výsledku týmu

The Pub Praha 2 PO, Praha

Datum a čas kvízu

27.5 Celkem bodů Celkový počet nahraných bodů na tomto kvízu bez doplňovacích otázek.
9. Pořadí na kvízu Konečné umístění týmu na tomto kvízu.

Zaznamenané odpovědi

# Otázka Odpověď Body Výsledky
1. Předsedou KDU-ČSL se na pátečn... Marek Výborný 1
2. Dvacetiletá Árifa Sultánaová z... má dvě dělohy (uznáváme i zdvojenou dělohu) 1
3. Videoklip jedné hudební kapely... Rammstein 1
4. Po Zootu se v problémech ocitá... Kulina.cz 0
5. Doplňte jedním slovem dialog,... popelník 0
6. Vaším úkolem bude uhodnout kře... Jaroslav / Tomáš Satoranský 0
7. Nejstarší muž z naší trojice b... Otokar / Karel / Michal Březina 0
8. Nejstarším z další trojice je... Emanuel / David Moravec; Nikol Moravcová 0
9. Tento anglický herec, držitel... Clive / Michael Owen 0
10. Tento francouzský filozof, spi... Jean-Jacques / Henri Rousseau 0.5